IELTS Foundation : (Record no. 17605)
[ view plain ]
| 000 -LEADER | |
|---|---|
| fixed length control field | 00868nam a22002417a 4500 |
| 008 - FIXED-LENGTH DATA ELEMENTS--GENERAL INFORMATION | |
| fixed length control field | 130924s2012 enkill |r|||| 001 0 eng d |
| 020 ## - INTERNATIONAL STANDARD BOOK NUMBER | |
| International Standard Book Number | 0230425801 |
| 020 ## - INTERNATIONAL STANDARD BOOK NUMBER | |
| International Standard Book Number | 9780230425804 |
| 082 ## - DEWEY DECIMAL CLASSIFICATION NUMBER | |
| Classification number | 428.24 |
| Item number | IEL TR |
| Edition number | 22 |
| 245 ## - TITLE STATEMENT | |
| Title | IELTS Foundation : |
| Remainder of title | Teacher's Book / |
| Statement of responsibility, etc | Rachael Roberts , Joanne Gakonga , Andrew Preshous , Joanne Preshous. |
| 250 ## - EDITION STATEMENT | |
| Edition statement | 2nd ed. |
| 260 ## - PUBLICATION, DISTRIBUTION, ETC. (IMPRINT) | |
| Place of publication, distribution, etc | Oxford : |
| Name of publisher, distributor, etc | Macmillan Education, |
| Date of publication, distribution, etc | 2012 |
| 300 ## - PHYSICAL DESCRIPTION | |
| Extent | 176 p. : |
| Other physical details | ill. ; |
| Dimensions | 28 cm. |
| 650 ## - SUBJECT ADDED ENTRY--TOPICAL TERM | |
| 9 (RLIN) | 8449 |
| Topical term or geographic name as entry element | English language |
| Form subdivision | -- Problems, exercises |
| 650 ## - SUBJECT ADDED ENTRY--TOPICAL TERM | |
| 9 (RLIN) | 43 |
| Topical term or geographic name as entry element | English language |
| Form subdivision | Textbooks for foreign speakers. |
| 650 ## - SUBJECT ADDED ENTRY--TOPICAL TERM | |
| 9 (RLIN) | 35 |
| Topical term or geographic name as entry element | International English Language Testing System. |
| 653 ## - INDEX TERM--UNCONTROLLED | |
| Resource For college | |
| Arrived date list | October2013 |
| 700 ## - ADDED ENTRY--PERSONAL NAME | |
| Personal name | Roberts, Rachael |
| 9 (RLIN) | 33729 |
| 700 ## - ADDED ENTRY--PERSONAL NAME | |
| Personal name | Gakonga, Joanne. |
| 9 (RLIN) | 33730 |
| 700 ## - ADDED ENTRY--PERSONAL NAME | |
| Personal name | Preshous, Andrew. |
| 9 (RLIN) | 33731 |
| 700 ## - ADDED ENTRY--PERSONAL NAME | |
| Personal name | Preshous, Joanne. |
| 9 (RLIN) | 33930 |
| 942 ## - ADDED ENTRY ELEMENTS (KOHA) | |
| Source of classification or shelving scheme | Dewey Decimal Classification |
| Item type | Book - Borrowing |
| Withdrawn status | Item status | Source of classification or shelving scheme | Damaged status | Not for loan | Vendor | Home library | Current library | Shelving location | Date acquired | Source of acquisition | Total Checkouts | Full call number | Barcode | Date last seen | Date last borrowed | Koha item type | Materials specified (bound volume or other part) | Total Renewals |
|---|---|---|---|---|---|---|---|---|---|---|---|---|---|---|---|---|---|---|
| Dewey Decimal Classification | Baccah | Central Library | Central Library | Second Floor | 08/10/2013 | 1 | 428.24 IEL TR | 000029295 | 15/07/2025 | 22/06/2017 | Book - Teacher Resource | |||||||
| Lost | Dewey Decimal Classification | Baccah | Central Library | Central Library | Second Floor | 08/10/2013 | 1 | 428.24 IEL TR | 000029296 | 21/01/2018 | 10/07/2017 | CD | DVD - With Teacher Resource | Lost In Inventory_2018-08-12 | 3 |